Dormitorios bedrooms.
| Format: | Book |
|---|---|
| Published: |
Barcelona:
Ediciones Atrium,
[199-].
|
| Series: | Expomueble: annual of furniture innovation 12
|
| Subjects: |
| LEADER | 00530cam a2200181 7i4500 | ||
|---|---|---|---|
| 001 | 0000004881 | ||
| 005 | 19991025090000.0 | ||
| 002 | ##000006437 | ||
| 020 | 0 | 0 | |a 84-7741-145-10 |
| 090 | 0 | 0 | |a DE 749.3 |b DOR |
| 245 | 0 | 0 | |a Dormitorios bedrooms. |
| 260 | 0 | 0 | |a Barcelona: |b Ediciones Atrium, |c [199-]. |
| 300 | 0 | 0 | |a 159 p.. |
| 440 | 0 | 0 | |a Expomueble: annual of furniture innovation 12 |
| 650 | 0 | 0 | |a Furniture |
| 650 | 0 | 0 | |a Designs -- |x Bedroom furniture |
| 650 | 0 | 0 | |a Bedroom furniture |
| 999 | |a 0000007312 |b Book |c Open shelf |e Business Information Centre | ||